Statistics for Symbols #3

Click here to take the quiz!

General Stats

  • This quiz has been taken 7 times
  • The average score is 3 of 10

Answer Stats

HintAnswer% Correct
.Period
86%
Hyphen
43%
...Ellipsis
29%
Interrobang
29%
Asterism
14%
Lozenge
14%
Reference Mark
14%
§Section Sign
14%
Service Mark
14%
Tie
14%

Score Distribution

Percentile by Number Answered

Percent of People with Each Score

Your Score History

You have not taken this quiz